| 000 | 01451naa a22003497a 4500 | ||
|---|---|---|---|
| 001 | BR7804275 | ||
| 003 | BR-BrBNA | ||
| 005 | 20240918174117.0 | ||
| 007 | ta | ||
| 008 | 230509b bl.||||| |||| 00| 0 por d | ||
| 040 |
_aBR-BrBNA _bpor _cBiblioteca Nacional de Agricultura |
||
| 041 | _a(Pt) | ||
| 072 |
_aF60 _b1123 _bG514 |
||
| 090 | _aF60 BR7804275 | ||
| 100 | 1 | _aRuggiero, C. | |
| 100 | 1 | _aLam-Sanchez, A. | |
| 100 | 1 | _aLipoli, A.C. | |
| 111 | 1 |
_a4. Congresso Brasileiro de Fruticultura _cSalvador, BA (Brazil) _d23 Jan 1977 |
|
| 245 | 1 | _aEstudos sobre auto - polinizacao, desenvolvimento do ovario e curvatura dos estiletes em flores de maracuja amarelo Passiflora edulis f. flavicarpa (Deg.)[Jaboticabal; Sao Paulo; Brasil] | |
| 260 | 3 |
_aCruz das Almas, BA (Brasil): _c1977. |
|
| 500 | _aCunha Sobrinho A.P.; Matos, A.P. de (eds.) Anais do 4. Congresso Brasileiro de Fruticultura Cruz das Almas, BA (Brasil): 1977. p. 257-263 (BR7804275-AM)F60 | ||
| 650 | _aFisiologia vegetal | ||
| 650 | _aMaracuja | ||
| 650 | _aBioquimica vegetal | ||
| 650 | _aEstilete | ||
| 650 | _aOvario | ||
| 650 | _aPolinizacao | ||
| 650 | _aSao Paulo | ||
| 773 | 0 |
_tAnais do 4. Congresso Brasileiro de Fruticultura _aCunha Sobrinho A.P.; Matos, A.P. de (eds.). Sociedade Brasileira de Fruticultura, Cruz das Almas, BA _wF60 BR7804275 _gCruz das Almas, BA (Brasil), 1977. p. 257-263 |
|
| 909 |
_a202404 _bLucia _c55 _dLucia Elande |
||
| 942 |
_cAM _2AGRIS |
||
| 999 |
_c308977 _d308977 |
||